KFZ-Kennzeichen Bayerns mit Karte - Statistiken

Allgemein
  • Dieses Quiz wurde 147 mal gespielt
  • Das Durchschnittsergebnis liegt bei 79 aus 195
Antworten auf der Karte
Die Antworten werden auf der Karte rot bzw. grün angezeigt, abhängig davon wie oft sie richtig erraten wurden.
 
Antwortstatistiken
KFZ-Kennzeichen Stadt / Landkreis % Korrekt
A Augsburg
94%
N Landkreis Nürnberg
91%
M | MUC München
91%
N Nürnberg
90%
Fürth
87%
REG Regen
87%
AB Aschaffenburg
85%
PA Passau
85%
Würzburg
85%
R Regensburg
84%
BA Bamberg
81%
BT Bayreuth
81%
CO Coburg
81%
HO Hof
81%
RO Rosenheim
81%
TÖL Bad Tölz
79%
ER Erlangen
79%
AN Ansbach
78%
KE Kempten (Allgäu)
78%
Altötting
77%
IN Ingolstadt
77%
DEG Deggendorf
74%
LA Landshut
74%
CHA Cham
72%
NU Neu-Ulm
72%
RH Roth
71%
DAH Dachau
69%
FFB Fürstenfeldbruck
68%
AM Amberg
66%
ED Erding
66%
FÜS Füssen
65%
GAP Garmisch-Partenkirchen
65%
BGD Berchtesgaden
64%
MM Memmingen
64%
SW Schweinfurt
63%
AIC Aichach
61%
STA Starnberg
61%
OA Landkreis Oberallgäu
60%
EI Eichstätt
59%
PAF Pfaffenhofen an der Ilm
59%
LI Lindau (Bodensee)
57%
DGF Dingolfing
55%
SR Straubing
55%
TS Traunstein
55%
FS Freising
53%
GZ Günzburg
53%
LL Landsberg am Lech
53%
EBE Ebersberg
52%
OAL Landkreis Ostallgäu
51%
WEN Weiden in der Oberpfalz
51%
FO Forchheim
49%
AIB Bad Aibling
48%
DON Donauwörth
46%
KEH Kelheim
45%
NM Neumarkt in der Oberpfalz
45%
PEG Pegnitz
45%
KF Kaufbeuren
44%
KU Kulmbach
44%
DLG Dillingen an der Donau
43%
ILL Illertissen
43%
MIL Miltenberg
41%
SAD Schwandorf
41%
TIR Tirschenreuth
41%
KG Bad Kissingen
40%
LAU Lauf an der Pegnitz
40%
Mühldorf am Inn
40%
HAS Haßfurt
39%
KT Kitzingen
39%
LAN Landau an der Isar
39%
MB Miesbach
39%
Nördlingen
39%
KC Kronach
36%
MSP Landkreis Main-Spessart
36%
WOR Wolfratshausen
36%
LIF Lichtenfels
35%
SC Schwabach
35%
NEW Neustadt an der Waldnaab
34%
SUL Sulzbach-Rosenberg
34%
ALZ Alzenau
32%
FEU Feuchtwangen
32%
FDB Friedberg
32%
VIB Vilsbiburg
32%
DKB Dinkelsbühl
31%
BGL Landkreis Berchtesgadener Land
31%
NEA Neustadt an der Aisch
31%
WM Weilheim
31%
BOG Bogen
29%
WUN Wunsiedel
29%
PAN Pfarrkirchen
28%
NAB Nabburg
27%
WUG Weißenburg in Bayern
27%
EG Eggenfelden
26%
GRA Grafenau
26%
HÖS Höchstadt an der Aisch
26%
ERH Landkreis Erlangen-Höchstadt
26%
ND Neuburg an der Donau
26%
ROT Rothenburg ob der Tauber
26%
GUN Gunzenhausen
24%
KRU Krumbach (Schwaben)
24%
FRG Landkreis Freyung-Grafenau
24%
ROD Roding
23%
SMÜ Schwabmünchen
22%
KÖZ Bad Kötzting
21%
REI Bad Reichenhall
21%
AS Landkreis Amberg-Sulzbach
21%
SEL Selb
21%
WS Wasserburg am Inn
21%
UFF Uffenheim
20%
NAI Naila
19%
PAR Parsberg
19%
OCH Ochsenfurt
18%
SOB Schrobenhausen
18%
BUL Burglengenfeld
17%
HIP Hilpoltstein
17%
MN Mindelheim
16%
MÜB Münchberg
16%
REH Rehau
16%
EBN Ebern
15%
OVI Oberviechtach
15%
SOG Schongau
15%
NES Bad Neustadt an der Saale
14%
KEM Kemnath
14%
LF Laufen
14%
EBS Ebermannstadt
13%
MAL Mallersdorf-Pfaffenberg
13%
MAK Marktredwitz
13%
HAB Hammelburg
12%
HEB Hersbruck
12%
WOS Landkreis Wolfstein
12%
MAI Mainburg
12%
MOD Marktoberdorf
12%
VOH Vohenstrauß
12%
WER Wertingen
12%
ESB Eschenbach in der Oberpfalz
11%
GEO Gerolzhofen
11%
OBB Obernburg am Main
11%
RID Riedenburg
11%
ROL Rottenburg an der Laaber
11%
VIT Viechtach
11%
GRI Bad Griesbach im Rottal
10%
STE Bad Staffelstein
10%
NEN Neunburg vorm Wald
10%
NEC Neustadt bei Coburg
9%
BRK Bad Brückenau
7%
WÜM Waldmünchen
7%
HOH Hofheim in Unterfranken
6%
KÖN Bad Königshofen im Grabfeld
5%
MET Mellrichstadt
5%
SEF Scheinfeld
5%
SAN Stadtsteinach
5%
Keine übereinstimmenden Quizze gefunden
Verteilung der Resultate
Anzahl Personen mit jedem Resultat
Perzentil nach korrekt beantworteten Fragen
Ihre Resultats-Entwicklung
Sie haben dieses Quiz noch nicht gespielt